Một số kết quả nghiên cứu trong nông nghiệp

Uloženo v:
Podrobná bibliografie
Médium: Kniha
Jazyk:Undetermined
Vydáno: Hà Nội KHKT 1970
Témata:
Tagy: Přidat tag
Žádné tagy, Buďte první, kdo otaguje tento záznam!
Thư viện lưu trữ: Trung tâm Học liệu Trường Đại học Cần Thơ
LEADER 00406nam a2200145Ia 4500
001 CTU_12903
008 210402s9999 xx 000 0 und d
082 |a 633.18 
082 |b M458 
245 0 |a Một số kết quả nghiên cứu trong nông nghiệp 
260 |a Hà Nội 
260 |b KHKT 
260 |c 1970 
650 |a rice 
980 |a Trung tâm Học liệu Trường Đại học Cần Thơ